000 00452nam a22001697a 4500
008 151009b xxu||||| |||| 00| 0 eng d
020 _a0321117719
041 0 _aeng
080 _a514.11
245 0 _aCalculus and analytic geometry/
_cGeorge B. Thomas; Ross L. Finney;
250 _a9th edition
260 _aUSA:
_bPearson education;
_c2003.
300 _a1139 f.:
_bme il.;
_c25 cm.
650 0 _aKalkulus
650 0 _aMatematik
942 _2udc
_cBK
999 _c1238
_d1238